000 00855cgm a2200253 4500
001 B3197
008 090401t1988 xxu||||| |||| 00| 0 eng d
035 _a(Sirsi) u54646
041 _aeng
050 _a711.52
100 _aChatwin, Hugh
245 _aUrban regeneration (sound recording)
260 _aLondon
_bRoyal Institution of Chartered Surveyors
_c1988
300 _a1 sound cassette (60 min).
350 _a10
490 _aOwlion Audio Programme
520 _aPublished jointly with the College of Estate Management . Concerned with the financial and policy initiatives in the regeneration of rundown, economically and environmentally depressed inner city areas.
650 _aAUDIO CASSETTES
650 _aINNER CITY REDEVELOPMENT
700 _aMcDonald, Ian
700 _aShields, Michael
942 _n0
948 _c04/03/1997
999 _c85288
_d85288